Т. 2; Метрология, стандартизация и сертификация

التفاصيل البيبلوغرافية
Parent link:Метрология, стандартизация и сертификация: учебник для академического бакалавриата/ Я. М. Радкевич, А. Г. Схиртладзе. Т. 2.— 5-е изд., перераб. и доп..— , 2015.— 978-5-9916-4754-0
الملخص:Учебник охватывает широкий круг вопросов, связанных с метрологией, стандартизацией и сертификацией продукции. Метрология представлена как наука об измерениях, методах и средствах обеспечения их единства и способах достижения требуемой точности. Приведены важнейшие сведения о физических величинах и еди­ницах их измерения; математических методах обработки результатов измерения, положения Государственной системы стандартизации РФ. Изложены основные понятия и определения в области стандарти­зации основных норм взаимозаменяемости, рассмотрены принципы построения системы допусков и посадок; основные нормы взаимозаме­няемости типовых соединений деталей машин. Приведены методы обоснования требований к точности основных сопряжений, стандартизации геометрических параметров деталей, орга­низационные, научно-технические и нормативно-методические основы сертификации продукции и услуг. Учебник соответствует требованиям Федерального государствен­ного образовательного стандарта высшего образования четвертого поко­ления.
اللغة:الروسية
منشور في: 2015
الموضوعات:
التنسيق: كتاب
KOHA link:https://koha.lib.tpu.ru/cgi-bin/koha/opac-detail.pl?biblionumber=297596

MARC

LEADER 00000nam2a2200000 4500
001 297596
005 20231102001025.0
010 |a 9785991647564 
035 |a (RuTPU)RU\TPU\book\322729 
035 |a RU\TPU\book\306361 
090 |a 297596 
100 |a 20150609d2015 m y0rusy50 ca 
101 0 |a rus 
102 |a RU 
105 |a a j 001zy 
200 0 |a Т. 2 
210 |d 2015 
215 |a 598 с.  |c ил. 
320 |a Библиогр.: с. 594-597. 
330 |a Учебник охватывает широкий круг вопросов, связанных с метрологией, стандартизацией и сертификацией продукции. Метрология представлена как наука об измерениях, методах и средствах обеспечения их единства и способах достижения требуемой точности. Приведены важнейшие сведения о физических величинах и еди­ницах их измерения; математических методах обработки результатов измерения, положения Государственной системы стандартизации РФ. Изложены основные понятия и определения в области стандарти­зации основных норм взаимозаменяемости, рассмотрены принципы построения системы допусков и посадок; основные нормы взаимозаме­няемости типовых соединений деталей машин. Приведены методы обоснования требований к точности основных сопряжений, стандартизации геометрических параметров деталей, орга­низационные, научно-технические и нормативно-методические основы сертификации продукции и услуг. Учебник соответствует требованиям Федерального государствен­ного образовательного стандарта высшего образования четвертого поко­ления. 
461 1 |0 (RuTPU)RU\TPU\book\286960  |y 978-5-9916-4754-0  |t Метрология, стандартизация и сертификация  |o учебник для академического бакалавриата  |o в 2 т.  |f Я. М. Радкевич, А. Г. Схиртладзе  |v Т. 2  |e 5-е изд., перераб. и доп.  |d 2015  |s Бакалавр. Академический курс 
606 1 |a Метрология  |2 stltpush  |3 (RuTPU)RU\TPU\subj\43497  |9 62988 
610 1 |a стандартизация 
610 1 |a технические регламенты 
610 1 |a продукция 
610 1 |a качество 
610 1 |a международные организации 
610 1 |a региональные организации 
610 1 |a взаимозаменяемость 
610 1 |a допуски 
610 1 |a посадки 
610 1 |a расчет 
610 1 |a подшипники качения 
610 1 |a шлицевые соединения 
610 1 |a шпоночные соединения 
610 1 |a угловые размеры 
610 1 |a гладкие конические соединения 
610 1 |a гладкие калибры 
610 1 |a детали 
610 1 |a волнистость 
610 1 |a шероховатость 
610 1 |a резьбовые соединения 
610 1 |a зубчатые передачи 
610 1 |a размерные цепи 
610 1 |a схемы 
610 1 |a кинематические цепи 
610 1 |a точность 
610 1 |a сертификация 
610 1 |a услуги 
610 1 |a национальные системы 
610 1 |a учебники 
675 |a 006(075.8)  |v 4 
801 1 |a RU  |b 63413507  |c 20150130 
801 2 |a RU  |b 63413507  |c 20150618  |g RCR 
900 |a Метрология, стандартизация и сертификация 
942 |c BK 
951 |l 8  |l 8.1 
959 |a 6/20150130  |d 15  |e 999,00  |f ЧЗТЛ:1  |f АНЛ:1  |f УФ:13